1336 1457 1398 1059 1324 1606 1499 1073 1867 1698 1638 1066 1603 1712 1205 1305 1544 1734 1153 1596 1181 1488 1282 1536 1233 1908 1933 1581 1664 1194 1721 1411 1261 1207 1938 1894 1005 1801 1944 1436 1571 1047 1318 1038 1921 1852 1732 1907 1407 1409 1917 1465 1684 1209 1602 1804 1989 1676 1480 1288 1947 1043 1402 1672 1062 1155 1383 1902 1886 1693 1756 1660 1349 1051 1049 1230 1480 1674 1222 1692 1427 1265 1468 1876 1276 1841 1065 1777 1837 1243 1167 1882 1747 1529 1902 1255 1068 1139 1686 BCNSPRNW ULIB Ver.6.0+V

เปลี่ยนเป็นภาษาไทย

Change to English
 แสดงรายละเอียดบรรณานุกรม
  กลับหน้าหลัก

Brief Record : Get Marc (ISO 2709) : E-mail record : QR code < ปิดหน้าต่าง
LEADER : 00000nam 2200000uu 4500
001    13399111980
003     ULIB
008    110627s2552||||th 000 0 tha d
020    9786110600132
090    นว.^bจ686พ 2552
100 0  เจ ที เอม
245 00 พันธสัญญาปริศนาของหัวใจ/^cเจ ที เอม
250    พิมพ์ครั้งที่ 1
260    กรุงเทพฯ :^bแจ่มใส,^c2552
300    216 หน้า
710 1  แจ่มใส
945    ^p159^l0^i026029
995    ทศพร
999 ^a ใช้งานได้ทุกระบบ
รายการนี้ยังไม่มีแท็ก
คุณยังไม่ได้ล็อกอิน คุณสามารถมีกิจกรรมร่วมกับเว็บไซต์ได้ แต่ต้องล็อกอินก่อน ::
  ล็อกอิน

รายการสื่อสารสนเทศ

ลำดับที่ ประเภท เลขเรียก/บาร์โค้ด สถานที่ สถานะ
- ไม่พบข้อมูล -

BibComment


ยังไม่เคยถูกคอมเมนท์

คอมเมนท์ทรัพยากรรายการนี้
  คอมเมนท์: พันธสัญญาปริศนาขอ..


 Copyright 2026. Bcnsprnw @Library